Služebnice slunce /

Hlavní autor: Johansen, Iris, 1938-
Další autoři: Miková, Š., Trancygier, Tomasz, 1947-
Jazyk: Čeština
Vydáno: Martin : WIST, 2000
Edice: Romance (WIST)
Love story plus
Témata:
Fyzický popis: 297 s. ; 19 cm
Knihy
Uloženo v:
LEADER 01111nam a2200337 a 4500
001 000465950
003 CZ BrMZK
005 20081211102656.0
007 ta
008 000115s2000 xo 000 0 cze d
020 |a 80-8049-188-7 
040 |a BOA001  |b cze 
041 1 |a cze  |h eng 
072 7 |a 821.111(73)-3  |x Americká próza  |2 Konspekt  |9 25 
080 |a 821.111(73)-31  |2 MRF 
080 |a (0:82-31)  |2 MRF 
100 1 |a Johansen, Iris,  |d 1938-  |7 xx0000125  |4 aut 
245 1 0 |a Služebnice slunce /  |c Iris Johansen ; [z angličtiny přeložili T. Trancygier, Š. Miková] 
260 |a Martin :  |b WIST,  |c 2000 
300 |a 297 s. ;  |c 19 cm 
490 1 |a Romance 
490 1 |a Love story plus ;  |v 7C 
655 7 |a americké romány  |7 fd131796  |2 czenas 
700 1 |a Miková, Š.  |7 jx20050720061  |4 trl 
700 1 |a Trancygier, Tomasz,  |d 1947-  |7 jx20041130022  |4 trl 
765 0 |t Beloved scoundrel  |9 Česky 
830 0 |a Romance (WIST) 
830 0 |a Love story plus 
910 |a BOA001  |b 1-1069.641 
990 |a BK 
996 6 |b 2610110057  |c 1-1069.641  |l MZK  |r Sklad / do 1 hodiny  |n 3  |p p.v.  |w 000465950  |u 000010  |a 1  |e BOA001  |j MZK50  |s P